| 000 | 00502nam a2200169 i 4500 | ||
|---|---|---|---|
| 001 | 24705 | ||
| 003 | ES-MaACL | ||
| 005 | 20230906153116.0 | ||
| 007 | t| | ||
| 008 | 021218s1961 sp ||||1| spa d | ||
| 245 | 0 | 0 |
_aAntología del pensamiento _b: el amor / _crecopilación y notas prologales de Ana Debrur Aznar. |
| 260 |
_a[Barcelona : _bZeus, _c1961] |
||
| 300 |
_a221 p. : _bil. ; _c17 cm. |
||
| 700 | 1 |
_aDebrur Aznar, Ana. _943143 |
|
| 740 | 3 | _aEl amor. | |
| 852 |
_aES-MaACL _jC-21491 _bR.49956 |
||
| 999 |
_c24705 _d24705 |
||